RICS awards shortlist announced (Record no. 71679)

MARC details
000 -LEADER
fixed length control field 00950cam a2200217 4500
001 - CONTROL NUMBER
control field WB3845-25
008 - FIXED-LENGTH DATA ELEMENTS--GENERAL INFORMATION
fixed length control field 021202n2002 000 0 eng u
035 ## - SYSTEM CONTROL NUMBER
System control number (Sirsi) u120629
245 ## - TITLE STATEMENT
Title RICS awards shortlist announced
260 ## - PUBLICATION, DISTRIBUTION, ETC.
Date of publication, distribution, etc. 2002
490 ## - SERIES STATEMENT
Series statement RICS Press Release
Volume/sequential designation (pr135) 29 November 2002, (3)
520 ## - SUMMARY, ETC.
Summary, etc. A shortlist of 30 projects for the 'RICS Building of the Year' award has been selected from 86 entries. The projects span building conservation, regeneration and building efficiency and include the Glasgow Science Centre, Glasgow Central station and the Great Hall of Queen's University, Belfast. With shortlist. www.rics.org/ricscms/bin/show?class=PressRelease&template=/includes/showpr.html&id=846
590 ## - LOCAL NOTE (RLIN)
Local note WB
650 ## - SUBJECT ADDED ENTRY--TOPICAL TERM
Topical term or geographic name entry element ABOUT RICS-AWARDS
650 ## - SUBJECT ADDED ENTRY--TOPICAL TERM
Topical term or geographic name entry element BUILT ENVIRONMENT
650 ## - SUBJECT ADDED ENTRY--TOPICAL TERM
Topical term or geographic name entry element REGENERATION
650 ## - SUBJECT ADDED ENTRY--TOPICAL TERM
Topical term or geographic name entry element BUILDING CONSERVATION
650 ## - SUBJECT ADDED ENTRY--TOPICAL TERM
Topical term or geographic name entry element BUILDING EFFICIENCY
690 ## - LOCAL SUBJECT ADDED ENTRY--TOPICAL TERM (OCLC, RLIN)
Topical term or geographic name as entry element RICS NEWS
942 ## - ADDED ENTRY ELEMENTS (KOHA)
Suppress in OPAC 0
Holdings
Withdrawn status Lost status Source of classification or shelving scheme Damaged status Not for loan Home library Current library Shelving location Date acquired Total Checkouts Full call number Barcode Date last seen Copy number Price effective from Koha item type
    Dewey Decimal Classification     London London News article 02/12/2002   WB3845-25 120629-1001 06/08/2019 1 06/08/2019 News article